000 00296nam a2200145Ia 4500
100 _aFreeman/Eric
942 _cBK
366 _f20
245 _aHead first design patterns
260 _bOreilly
_c2004
082 _a5.133
_bFRE
300 _a638
546 _aENGLISH
_cComputers
999 _c27337
_d27337